000 00717nam a2200253Ia 4500
003 OSt
005 20220928124330.0
006 a|||||r|||| 00| 0
007 ta
008 220927b |||||||| |||| 00| 0 eng d
020 _c375
024 _a124664
037 _b154, 28/10/2014, Classic Book Service
_cTextual
040 _aSDCL
_cSDCL
_beng
041 _2eng
_aeng
082 _aD6,8(B),2, Q1
100 _aMohapatra Sanjay
245 0 _aSoftware project management
260 _aDelhi
_bCengage Learning
_c2011
300 _axv;349p.
_ccm.
650 _aI I C
942 _hD6,8(B),2, Q1
_cTEXL
_2CC
999 _c777343
_d777343